<?xml version="1.0" encoding="UTF-8"?>
<collection xmlns="http://www.loc.gov/MARC21/slim">
 <record>
  <leader>     na                 </leader>
  <controlfield tag="001">INLIS000000000000577</controlfield>
  <controlfield tag="005">20210612090428</controlfield>
  <controlfield tag="035">$a 0010-0621000007</controlfield>
  <controlfield tag="245">$a ANCAS: Pancasila njaga nyewijine bangsa /$c YUSMANTO</controlfield>
  <controlfield tag="100">$a YUSMANTO</controlfield>
  <controlfield tag="300">$a 42 hlm ; $c 18.5 x 26.5 cm</controlfield>
  <controlfield tag="260">$a Purwokerto :$b Yayasan Carablaka,$c 2021</controlfield>
  <controlfield tag="082">$a 050</controlfield>
  <controlfield tag="084">$a 050 YUS a</controlfield>
  <controlfield tag="022">$a 2087-023x</controlfield>
  <controlfield tag="008">210612                |          | |  </controlfield>
  <controlfield tag="990">$a MA011/2021</controlfield>
  <controlfield tag="990">$a MA012/2021</controlfield>
 </record>
</collection>
